| 000 | 01331nam a2200217Ia 4500 | ||
|---|---|---|---|
| 999 |
_c47241 _d47241 |
||
| 001 | 14101 | ||
| 003 | GE_BSU | ||
| 005 | 20241105172326.0 | ||
| 008 | 181216s2014||||ge |||||||||||||| ||geo|| | ||
| 020 | _a19878745 | ||
| 040 | _cGE_BSU | ||
| 041 | _ageo | ||
| 080 | _a94(479.223) ბ-17 | ||
| 245 |
_aბათუმი. წარსული და თანამედროვეობა. V. Batumi past and present : _bსაერთაშორისო სამეცნიერო კონფერენციის მასალები, 2014 წლის 1-2 სექტემბერი. |
||
| 264 |
_aბათუმი : _bბათუმის შოთა რუსთაველის სახ. უნ-ტი, _c2014. |
||
| 300 |
_a377გვ. ; _c26 სმ. |
||
| 541 | _h15ლ. | ||
| 653 | _aბათუმი. წარსული და თანამედროვეობა. V. Batumi past and present. საერთაშორისო სამეცნიერო კონფერენციის მასალები, 2014 წლის 1-2 სექტემბერი | ||
| 710 |
_aბათუმის შოთა რუსთაველის სახ. უნ-ტის ნიკო ბერძენიშვილის ინ-ტი _923633 |
||
| 942 |
_cBK _2udc |
||